000 00275nam a2200133Ia 4500
100 _aAntonopoulos/Andreas M
250 _a2
942 _cBK
366 _f22
245 _aMastering Bitcoin: Programming open block chain
260 _bo
546 _aENGLISH
999 _c32768
_d32768